00485nam a22001697a 450000500170000001000150001702000260003203500140005803700090007208200090008110000280009024500680011825000060018626000340019227000700022630000190029620260529153332.0 aENG-148672 a9789347590818c150.00 aEN-132204 bDBAD aS21 aStevenson, Robert Louis aStrange Case of Dr Jekyll and Mr Hyde/ cRobert Louis Stevenson a1 aChandigarhbThe Browserc2026 bChandigarhaSCO 14-15, Sector 8-Ce160009mservice@thebrowser.org a64p.c20cm(pb)